Homenaje /
Salvato in:
| Autore principale: | |
|---|---|
| Natura: | Sconosciuto |
| Lingua: | Spanish |
| Soggetti: | |
| Tags: |
Aggiungi Tag
Nessun Tag, puoi essere il primo ad aggiungerne!!
|
MARC
| LEADER | 000000000a22000000004500 | ||
|---|---|---|---|
| 001 | 002320 | ||
| 041 | 0 | |a spa | |
| 100 | 1 | |a Romualdo, Alejandro | |
| 245 | 1 | 0 | |a Homenaje / |c Alejandro Romualdo. |
| 310 | |a bimestral | ||
| 650 | 4 | |a REVOLUCION CUBANA | |
| 773 | 0 | |x 008-7157 |d Cuba : Editorial Casa de las Américas |t Casa de las Américas |g número 51-52 (1968-1969), páginas 37-38 | |
| 942 | |c ARC | ||
| 999 | |c 9840 |d 9840 | ||
